MARYADA PURSOTAM RAM-30 (Record no. 25497)

MARC details
000 -LEADER
fixed length control field 00369nam a22001577a 4500
003 - CONTROL NUMBER IDENTIFIER
control field SGT
082 ## - DEWEY DECIMAL CLASSIFICATION NUMBER
Classification number 615.53
Item number M16A
100 ## - MAIN ENTRY--PERSONAL NAME
Personal name AACHARYA, SHREE RAM SHARMA
245 ## - TITLE STATEMENT
Title MARYADA PURSOTAM RAM-30
250 ## - EDITION STATEMENT
Edition statement 1ST
260 ## - PUBLICATION, DISTRIBUTION, ETC. (IMPRINT)
Place of publication, distribution, etc MATHURA
Name of publisher, distributor, etc AAKHAND JYOTI SANSTHAN
Year of Publication 2016
300 ## - PAGE DESCRIPTION
No. of Pages 508
650 ## - SUBJECT ADDED ENTRY--TOPICAL TERM
Topical term or geographic name as entry element AYURVEDA
653 ## - KEYWORDS--INDEX TERM
Keyword term MARYADA, PURSOTAM, RAM
942 ## - ADDED ENTRY ELEMENTS (KOHA)
Source of classification or shelving scheme Dewey Decimal Classification
Koha item type Rare Books
Holdings
Withdrawn status Lost status Source of classification or shelving scheme Damaged status Use restrictions Not for loan Collection code Home library Current library Shelving location Date acquired Cost, normal purchase price Volume Information (Serial or Books or Non-Book Material) Full call number Accession No. (Barcode) Date last seen Bill Date Koha item type
    Dewey Decimal Classification   Restricted Access   AYURVEDA SGT FA-FP Library SGT FA-FP Library On Display 25/12/2023 150.00 30 615.53 M16A FA12919 25/12/2023 25/12/2023 Rare Books